| 000 | 01380nam0a2200337 4500 | ||
|---|---|---|---|
| 001 | RU\NLR\BIBL_A\022587900 | ||
| 005 | 20260420051046.0 | ||
| 010 |
_a978-5-04-203572-2 _93000 |
||
| 021 |
_aRU _bКН-П-25-031235 _9КН-П-25-3090 |
||
| 035 | _a(NLR Aleph) 022587900 | ||
| 090 |
_a13678709 _c13678709 |
||
| 100 | _a20250721d2025 m y0rusy50 ca | ||
| 101 | 1 |
_arus _ceng |
|
| 102 | _aRU | ||
| 105 | _aao z 000ay | ||
| 181 | 0 |
_ai _bxxxe |
|
| 182 | 0 | _an | |
| 200 | 1 |
_aВолк и дикий цветок _fЭлла Филдс _gперевод с английского языка К. Гусаковой _gиллюстрация на вклейке Panda |
|
| 203 |
_aТекст _bвизуальный _cнепосредственный |
||
| 210 |
_aМосква _cЭксмо _d2025 |
||
| 215 |
_a460, [1] с., [1] л. цв. ил. _cил., орнаменты _d21 |
||
| 333 | _a18+ | ||
| 686 | 1 | _aШ6(82)67-445{Лх3018-45} | |
| 700 | 1 |
_7ca _8rus _aФилдс _bЭ. _gЭлла _9269015 _3RU\NLR\AUTH\770269071 |
|
| 702 | 1 |
_4440 _7ca _8rus _aСлепцова _bЯ. О. _f1995- _gЯна Олеговна _9269810 _3RU\NLR\AUTH\770269866 |
|
| 942 | _cBOOK | ||
| 980 | _aNB | ||